000 00553nam a2200193Ia 4500
005 20260120131803.0
008 008 260114s9999 xx 000 0 eng d
020 _a9781383013566
037 _aEBOOK
040 _aCRL
_beng
_cCRL
041 _aeng
_2eng
084 _qCRL
100 _aDixon
_9931196
245 2 _aA New Approach to English Grammar, on Semantic Principles
260 _bOxford University PressOxford University Press
_c2023
856 _uhttps://academic.oup.com/book/48140
942 _cEBOOK
999 _c1523118
_d1523118